|
|
|
|
| LEADER |
01540nam a2200301 a 4500 |
| 001 |
13969585 |
| 008 |
091005s2001 bg ab b 000 0 eng d |
| 010 |
|
|
|a 2004312246
|
| 020 |
|
|
|a 0852723849 (v. 2)
|
| 040 |
|
|
|a DLC
|c DLC
|
| 082 |
0 |
0 |
|a 615.9/25715/095492
|2 21
|
| 245 |
0 |
0 |
|a Arsenic contamination of groundwater in Bangladesh /
|c [edited by] D.G. Kinniburgh and P.L. Smedley.
|
| 260 |
|
|
|a Keyworth :
|b British Geological Survey,
|c 2001.
|
| 300 |
|
|
|a 4 v. :
|b ill., col. maps ;
|c 30 cm.
|
| 362 |
0 |
|
|a Vol. 2:Final report.
|
| 490 |
1 |
|
|a BGS technical report ;
|v WC/00/19
|
| 541 |
1 |
|
|e 00011256
|
| 500 |
|
|
|a "Government of the People's Republic of Bangladesh, Ministry of Local Government, Rural Development and Co-operatives Department of Public Health Engineering, Department for International Development, U.K., British Geological Survey."
|
| 504 |
|
|
|a Includes bibliographical references.
|
| 505 |
0 |
|
|a v. 1. Summary -- v. 2. Final report -- v. 3. Hydrochemical atlas -- v. 4. Data compilation.
|
| 650 |
|
0 |
|a Arsenic
|x Environmental aspects
|z Bangladesh.
|
| 650 |
|
0 |
|a Groundwater
|x Pollution
|z Bangladesh.
|
| 700 |
1 |
|
|a Kinniburgh, D. G.
|
| 700 |
1 |
|
|a Smedley, P. L.
|
| 830 |
|
0 |
|a Technical report (British Geological Survey) ;
|v WC/00/19.
|
| 852 |
4 |
|
|a Ayesha Abed Library
|j General Shelf.
|
| 999 |
|
|
|c 4271
|d 4271
|
| 952 |
|
|
|0 0
|1 0
|2 ddc
|4 0
|6 615_925709549200000_ARS_2001
|7 0
|9 3940
|a BRACUL
|b BRACUL
|c GEN
|d 2009-10-06
|g 0.00
|l 2
|m 7
|o 615.9257095492 ARS
|p 3010011256
|r 2022-06-15
|s 2022-06-15
|t 1
|w 2009-10-06
|y BK
|x No price found in the accession register.
|